000 00954nam a2200253 i 4500
001 9181
003 ES-MaACL
005 20251002204008.0
007 t|
008 930521s1992 sp ||||1| spa d
020 _a84-03-60224-3
080 _a92 Maura,G.
080 _a32:92 Maura,G.
100 1 _aMaura Gamazo, Gabriel,
_cDuque de Maura,
_d1879-1963
_979221
245 1 0 _aReflexiones, confidencias y recuerdos. Cuaderno I
_b: octubre de 1946 /
_cpor el duque de Maura ; prólogo de Emilio García Gómez ; ilustraciones de Antonio Mingote.
260 _aMadrid :
_bFundación Antonio Maura,
_c1992.
300 _a110, [4] p. ;
_c19 cm.
600 1 4 _aMaura Gamazo, Gabriel,
_cDuque de Maura,
_d1879-1963
_979221
700 1 _aGarcía Gómez, Emilio,
_d1905-1995
_954690
700 1 _aMingote, Antonio,
_d1919-2012
_9240761
710 2 _aFundación Antonio Maura.
_94220
852 _aES-MaACL
_jL-16620
_bR.120410
999 _c9181
_d9181